Normal view
MARC view
- Dirgo, Craig.
Entry Personal Name
001 - CONTROL NUMBER
- control field: 12156
003 - CONTROL NUMBER IDENTIFIER
- control field: NUST
005 - DATE AND TIME OF LATEST TRANSACTION
- control field: 20180731085612.0
008 - FIXED-LENGTH DATA ELEMENTS
- fixed length control field: 180731|| aca||aabn | a|a d
040 ## - CATALOGING SOURCE
- Original cataloging agency: NUST
- Transcribing agency: NUST
100 ## - HEADING--PERSONAL NAME
- Personal name: Dirgo, Craig.
670 ## - SOURCE DATA FOUND
- Source citation: Work cat.: (NUST)174477: Cussler, Clive. 12104, Golden Buddha /, 2003.
